000 00226nam a2200085Ia 4500
245 0 _aSnakes and ladders
100 _a MORPURGO, Michael New York, 2000
_977853
942 _cBK
008 210817s9999 xx 000 0 und d
999 _c267515
_d267514